| 000 | 00720cam a22001814a 4500 | ||
|---|---|---|---|
| 005 | 20250605164345.0 | ||
| 008 | 250528s ||||||||||||||||||||||||d | ||
| 035 | _a23858 | ||
| 040 |
_aGR-AtMCL _bgre _dGR-AtMCL _eAACR2 |
||
| 245 | 1 | _aFreud's Influence / Personal and Professional Perspectives | |
| 260 | _c2006 | ||
| 300 | _a63 | ||
| 520 | _aEmpathy: Freudian Origins and 21st Century Neuroscience, Putting the Psyche Into Neuropsychology, The Persistence of Freud, A Life on the Margins, Psychoanalysis in Social Psychological Research, A Life in the Unconscious, Memory and Desire: Reading Freud. | ||
| 710 | 2 |
_aThe British Psychological Society _99823 |
|
| 942 | _cCR | ||
| 999 |
_c8779 _d8779 |
||